Voiture Renault par image - Click quiz - Statistiques

Statistiques générales
  • Ce quiz a été pris 1 207 fois
  • Le résultat moyen est 12 sur 22
Statistiques - réponses
Hint Réponse % Correct
Kangoo
93%
Twingo
90%
Scenic
87%
Modus
82%
Laguna
80%
Clio
74%
4L
70%
R5
58%
Avantime
57%
Vel Satis
57%
Safrane
51%
4CV
48%
R21
47%
Dauphine
46%
Fuego
37%
R8
37%
Supercinq
36%
R25
31%
R12
30%
R18
24%
R16
22%
R14
20%
Aucun quiz correspondant
Distribution des résultats
% des personnes avec chaque résultat
Percentile par nombre de réponses
Votre historique - résultats
Vous n’avez pas pris ce quiz